Laporan akhir latihan industri di SPKG Tours Sdn. Bhd.(Pahang)

SPKG Tours adalah syarikat ejen pelancongan dengan kegiatan yang utamanya ialah mengendalikan pelancong ke Taman Negara Kuala Tahan, Pahang dan menguruskan resortnya sendiri iaitu Nusa Camp Holiday Village di Taman Negara Kuala Tahan, Pahang

Main Author: Hanim Hamisan
Published: Terengganu: Kolej Universiti Sains dan Teknologi Malaysia, 2006.
LEADER 00832cam a2200169 7i4500
001 0000138198
005 20081021090000.0
002 0000003274
090 0 0 |a LI 11 FPE 3 2006  
100 0 # |a Hanim Hamisan  
245 1 0 |a Laporan akhir latihan industri di SPKG Tours Sdn. Bhd.(Pahang)   |c Hanim Hamisan. 
260 # # |a Terengganu:   |b Kolej Universiti Sains dan Teknologi Malaysia,   |c 2006. 
300 |a vii, 69 p.;   |c 30 cm.. 
502 # # |a Latihan Industri FPE (Sarjana Muda Pengurusan - Pemasaran) 2006 
520 3 # |a SPKG Tours adalah syarikat ejen pelancongan dengan kegiatan yang utamanya ialah mengendalikan pelancong ke Taman Negara Kuala Tahan, Pahang dan menguruskan resortnya sendiri iaitu Nusa Camp Holiday Village di Taman Negara Kuala Tahan, Pahang 
602 # # |a Latihan Industri FPE 2006 
999 |a 1100045077  |b Book  |c Latihan Industri  |e BILIK ARKIB